000 00442nam a2200193Ia 4500
008 210210b1936 xxu||||| |||| 00| 0 eng d
041 _aeng
082 _a829/347
100 _aDUNSANY (Lord)
245 _aMy talks with dean spanley
260 _aLondon
_bWilliam Heinemann Ltd.
_c1936
650 _awith
650 _atalks
650 _aspanley
650 _aMy
650 _adean
690 _aEnglish Fiction
906 _a016951
999 _c136887
_d136887